000 00381nam a22001337a 4500
999 _c130123
_d130123
008 191204b ||||| |||| 00| 0 eng d
050 _aPR5510.2.D3
100 _aSwinburne, Charles A.
_948907
245 _aSwinburne poems
_cCarles A. Swinburne
260 _aLondon
_bDavid McKay
_cNo date
300 _axiv, 661p. ;
_c21cm.
500 _av.1 of 2 volumes
942 _2lcc
_cMONOGRAPH